000 01119nam a22003737a 4500
003 CHAP
005 20220329133255.0
008 971013s1991 r 00010 d
010 _a4151
011 _a5123
035 _a4329
040 _cCHAP
090 _aFolleto 13433
100 0 0 _aEdelson, J. V.
_935328
245 _aOnion cultivar yield response to onion thrips infestations
260 _aCollege Station :
_bThe Texas Agricultural Experiment Station,
_c1991
300 _a3 p
490 _aPR: 4815
500 _aD52-235
590 _aBATCH-UPD
_b10
_c20130110
_lUCH01
_h1544
590 _aBATCH-UPD
_b10
_c20130410
_lUCH01
_h0945
590 _aBATCH-UPD
_b10
_c20130914
_lUCH01
_h0905
590 _aCONVERSION
_b10
_c20130109
_lUCH01
_h1303
650 1 4 _aCebolla
_xPlagas.
_920793
650 1 4 _aCebolla
_xRendimiento.
_920801
650 1 4 _aCebolla
_xTexas.
_920805
650 1 4 _aTisanópteros.
_9113414
700 0 _aMagaros, J. J.
_969818
700 0 _aRoger, T. A.
_999060
830 0 _aPR: 4815
_991220
901 _aBK
942 _cFOLL
949 _aFolleto 13433
_bBC
_cFOLL
_d-13866
_eTS1
_i4329
_mD
_si
999 _c4151
_d4151